| 000 | 00926 a2200217 4500 | ||
|---|---|---|---|
| 003 | Nust | ||
| 005 | 20221205110435.0 | ||
| 010 | _a 76490837 | ||
| 020 | _a007094122X | ||
| 040 | _cNust | ||
| 082 | 0 | 0 | _a621.381535,HOW |
| 100 | 1 |
_aHowson, D. P. _9104083 |
|
| 245 | 1 | 0 |
_aParametric amplifiers / _cD. P. Howson and R. B. Smith. |
| 260 |
_aLondon, _aNew York, _bMcGraw-Hill, _c1970. |
||
| 300 |
_aviii, 165 p. _billus. _c23 cm. |
||
| 490 | 0 | _aEuropean electrical and electronic engineering series | |
| 505 | _aAmplification and Frequency Changing (Page-1), Noise and the Varactor (Page-23), Three-Frequency Amplifiers and Converters (Page-66), Three Frequency Amplifiers (Page-85), Four Frequency Amplifiers and Converters (Page-111), Up-Converters, Down Converters and Two Diode Amplifiers (Page-137). | ||
| 650 | 0 |
_aTelecommunications engineering. _958485 |
|
| 700 | 1 |
_aSmith, Roy Barrington, _9104084 |
|
| 942 |
_2ddc _cBK |
||
| 999 |
_c182429 _d182429 |
||